| 000 | 00502nam a2200169Ia 4500 | ||
|---|---|---|---|
| 008 | 151213s9999 xx 000 0 und d | ||
| 020 | _a984832543-3 | ||
| 100 | _aমিজান রহমান | ||
| 245 |
_aমণীষী _cমিজান রহমান |
||
| 250 | _a১ম সং | ||
| 260 |
_aঢাকা _bতোফাজ্জল হোসেন _c2007 |
||
| 300 | _a8348 p. | ||
| 650 | _aBangla | ||
| 650 | _aজীবনী | ||
| 700 | _aমিজান রহমান | ||
| 999 |
_c4188 _d4188 |
||